| 000 | 00596nam a22002057a 4500 | ||
|---|---|---|---|
| 005 | 20251108173443.0 | ||
| 008 | 250721s9999 xx 000 0 ara d | ||
| 082 | 1 | 4 | _a210.423205/عمي |
| 100 | 1 | _aعميرة، عبد الرحمن | |
| 245 | 1 | 0 | _aالمذاهب المعاصرة و موقف الإسلام منها / |
| 250 | _aط4 | ||
| 264 | 1 |
_aبيروت : _bدار الجيل، |
|
| 300 | _a344.ص | ||
| 650 | 1 | 7 | _aالوجودية |
| 650 | 1 | 7 | _aالاسلام |
| 650 | 1 | 7 | _aالأحزاب الشيوعية |
| 650 | 1 | 7 | _aالماسوفية |
| 942 |
_2ddc _cBK |
||
| 999 |
_c104253 _d104253 |
||